| 000 | 00543nam a2200169Ia 4500 | ||
|---|---|---|---|
| 003 | IN-BaIIA | ||
| 005 | 20250704153254.0 | ||
| 008 | 211028s9999 xx 000 0 eng d | ||
| 040 | _cIIA Library | ||
| 080 |
_a521.1(084) _bPET |
||
| 100 |
_aPeters, C. H. J. _91073 |
||
| 245 | 0 |
_aCelestial charts made at the Litchfield observatory of Hamilton college , Clinton ,New York _cC. H. J. Peters |
|
| 260 | _aNew York | ||
| 650 |
_aCelestial charts _91074 |
||
| 650 |
_aHamilton _91075 |
||
| 942 |
_cBK _2ddc |
||
| 999 |
_c465 _d465 |
||